Programas ambientales voluntarios : (Registro nro. 66041)

Detalles MARC
000 -CABECERA
campo de control de longitud fija 00760nab a2200229 a 4500
001 - NÚMERO DE CONTROL
campo de control 66041
003 - IDENTIFICADOR DEL NÚMERO DE CONTROL
campo de control 138863
005 - FECHA Y HORA DE LA ÚLTIMA TRANSACCIÓN
campo de control 20201118110248.0
008 - DATOS DE LONGITUD FIJA--INFORMACIÓN GENERAL
campo de control de longitud fija ||||||n9999 ||| || ||
041 ## - CÓDIGO DE LENGUA
Código de lengua del texto/banda sonora o título independiente spa
100 ## - ENTRADA PRINCIPAL--NOMBRE DE PERSONA
Nombre de persona Kessler Cullather, Kevin
245 #0 - MENCIÓN DE TÍTULO
Título Programas ambientales voluntarios :
Resto del título sus fuerzas rectoras, sus stakeholders y los efectos potenciales en el paradigma regulatorio
260 ## - PUBLICACIÓN, DISTRIBUCIÓN, ETC.
Lugar de publicación, distribución, etc. México :
Nombre del editor, distribuidor, etc. Centro de Investigacion y Docencia Económicas,
Fecha de publicación, distribución, etc. 1999.
300 ## - DESCRIPCIÓN FÍSICA
Extensión pp-123-149
562 ## - NOTA DE IDENTIFICACIÓN DE LA COPIA Y VERSIÓN
Número de copias 0
650 ## - PUNTO DE ACCESO ADICIONAL DE MATERIA--TÉRMINO DE MATERIA
Término de materia o nombre geográfico como elemento de entrada ANALISIS DE POLITICAS
650 ## - PUNTO DE ACCESO ADICIONAL DE MATERIA--TÉRMINO DE MATERIA
Término de materia o nombre geográfico como elemento de entrada ASOCIACIONES DE PARTICIPACION MIXTA
650 ## - PUNTO DE ACCESO ADICIONAL DE MATERIA--TÉRMINO DE MATERIA
Término de materia o nombre geográfico como elemento de entrada CONTAMINACION ATMOSFERICA
650 ## - PUNTO DE ACCESO ADICIONAL DE MATERIA--TÉRMINO DE MATERIA
Término de materia o nombre geográfico como elemento de entrada POLÍTICA AMBIENTAL
773 ## - ENLACE AL DOCUMENTO FUENTE/ENTRADA DE REGISTRO ANFITRIÓN
Número bibliográfico anfitrión 63919
Encabezamiento principal Gestion y Politica Publica - Vol.8 No.1
942 ## - ELEMENTOS DE PUNTO DE ACCESO ADICIONAL (KOHA)
Tipo de ítem Koha Artículo de Revista

No hay ítems disponibles.